00839nam a22002417a 45000010005000000030006000050050017000110080041000280400029000690500009000981000029001072450079001362600050002153000049002654900037003145050009003515210029003605210020003897000033004099420015004429990015004579520125004727677FISKH20250731082031.0250731b cb ||||| |||| 00| 0 eng d aFISKHbengcFISKHdFISKH aPZ7  aCretan, Gladys Yessayan  aFour for cribbage / cby Gladys Yessayan Cretan : pictures by Diane Dawson aBoston : bHoughton Mifflin Company , c1981. a16 pages : bcolor illustrations ;c24 cm .  aHoughton Mifflin Reading Program aE 8 a200 bLexile estimate 8 aE bRaz-Plus  aDawson, Diane eIllustrator  2ddccBKn0 c7677d7677 00102ddc40708JUVFa002b002cTTP Dark Greend2025-07-31l0oCRE PZ7pFISBK00735r2025-07-31 08:18:31w2025-07-31yBK